| 000 | 00694nam a2200217 u 4500 | ||
|---|---|---|---|
| 005 | 20240228064022.0 | ||
| 008 | 110817s2006 r 000 0 eng d | ||
| 020 | _a843076500X | ||
| 035 | _aUPN01000181456 | ||
| 049 | _aI | ||
| 050 | 4 |
_aPZ44 _bC6.2 |
|
| 100 | 1 |
_aCollodi, Carlo, _d1826-1890 _934132 |
|
| 245 | 1 | 4 |
_aLas aventuras de Pinocho / _cCarlo Collodi ; il de Inés Luz González. |
| 260 |
_aBarcelona, Esp. : _bTeide, _c2006. |
||
| 300 |
_a118 p. : _bil. col. |
||
| 440 | 0 |
_aBiblioteca básica ; _v1 |
|
| 534 |
_pTítulo original : _tLe awenture de Pinocchio : |
||
| 650 | 4 |
_aLiteratura infantil italiana _911122 |
|
| 650 | 4 |
_aLibros y lectura para niños _92290 |
|
| 905 | _aInfantil | ||
| 999 |
_c153559 _d153559 |
||